ABC de las emociones (Record no. 629)
[ view plain ]
| 000 -CABECERA | |
|---|---|
| campo de control de longitud fija | 01435nam a22002894n 4500 |
| 003 - IDENTIFICADOR DE NUMERO DE CONTROL | |
| campo de control | AR-BaSMT |
| 008 - CAMPOS DE LONGITUD FIJA | |
| campo de control de longitud fija | 230502b2021 aga|||ar|||| 00| 1 spa d |
| 020 ## - ISBN: Indicadores indefinidos | |
| Número ISBN | 9789874918802 |
| 040 ## - FUENTE DE CATALOGACION | |
| Agencia de catalogación original | BSGB |
| Idioma de catalogación | español |
| Convenciones de la descripción | rda |
| 041 0# - CODIGO DE IDIOMA | |
| Código idioma | spa |
| Idioma original | español |
| 080 ## - CDU | |
| CDU completo | 82-34 |
| 100 1# - PUNTO DE ACCESO PRINCIPAL | |
| Nombre de persona | Rodrigué, Mercedes |
| Enlace autoridades | 468 |
| 245 10 - MENCION DE TITULO | |
| Título | ABC de las emociones |
| 250 ## - MENCION DE EDICION | |
| Mención de edición | primera edición, priera reimpresión |
| 264 #1 - PRODUCCIÓN, PUBLICACIÓN, DISTRIBUCIÓN, ETC. | |
| Lugar de publicación, etc. | Buenos Aires |
| Nombre editor. | La brujita de papel |
| Fecha | 2021 |
| 300 ## - DESCRIPCION FISICA | |
| Extensión | 32 páginas |
| Otros detalles físicos | Ilustraciones color |
| 336 ## - TIPO DE CONTENIDO | |
| rdacontent | rdacontent |
| texto | texto |
| txt | txt |
| 337 ## - TIPO DE MEDIO | |
| rdamedia | rdamedia |
| sin mediación | sin mediación |
| n | n |
| 338 ## - TIPO DE SOPORTE | |
| rdacarrier | rda carrier |
| volumen | volúmen |
| nc | nc |
| 520 1# - NOTA DE SUMARIO, RESUMEN, ETC. | |
| Toda la nota | Anís, el ratoncito, se puso súper ansioso cuando el topo Vicente le contó que todos los animales del zoológico se iban de excursión a conocer el mar. Bueno, todos no, el rinoceronte Bruno estaba hecho una furia porque no lo habían invitado, y la ardilla Nieves estaba muerta de nervios porque era la primera vez que tenía que dormir fuera de casa… Ansiedad, miedo, alegría, frustración, son algunas de las emociones que aparecen en esta historia que conjuga el aprendizaje de las primeras letras con la exploración de aquello que sentimos y que no siempre sabemos nombrar. |
| URL, URI, etc. | Contratapa |
| 521 ## - NOTA DE PÚBLICO DESTINATARIO | |
| Nota de audiencia | Jardín |
| 650 #7 - PUNTO DE ACCESO ADICIONAL DE MATERIA – TÉRMINO TEMÁTICO | |
| Enlace autoridades | 8 |
| Término de materia o nombre geográfico como elemento de entrada | LITERATURA INFANTIL |
| Subdivisión geográfica | Argentina |
| 650 #7 - PUNTO DE ACCESO ADICIONAL DE MATERIA – TÉRMINO TEMÁTICO | |
| Enlace autoridades | 23 |
| Término de materia o nombre geográfico como elemento de entrada | CUENTO |
| Subdivisión geográfica | Argentina |
| 700 1# - PUNTO DE ACCESO ADICIONAL – NOMBRE DE PERSONA | |
| Apellido, Nombre | O'Kif, Alejandro |
| Término relacionador: | Ilustrador |
| Enlace autoridades | 469 |
| 942 ## - ELEMENTOS AGREGADOS (KOHA) | |
| CDU | Clasificación decimal universal |
| Tipo de ítem | Libros |
| Disponible | Perdido | Fuente de clasificación | Estado | Ubicación permanente | Locación actual | Estante o sala | Fuente de adquisición | Número de inventario | Total préstamos | Signatura topográfica | Código de barras | Numero de ejemplar | Tipo de item de Koha | Calificador de localización códificado |
|---|---|---|---|---|---|---|---|---|---|---|---|---|---|---|
| Clasificación Decimal Dewey | Biblioteca Susana G. De Batemarco | Biblioteca Susana G. De Batemarco | Jardín | Compra Feria del Libro 2026 | 000867 | 82-34 ROD | 000867 | 1 | Libros |
